00554pam a2200181 a 4500020000500000040002500005041001300030082001600043100001800059245007400077260003500151300001300186365001300199653003400212930000900246999001500255952010200270 c aMedical College Lib. aENGhENG a618.05bSTU aStudd, J. . aProgress in Obstetrics & Gynaecology No. - 13 / chTextual Documents a : bChurchill Liv. , c1998. a736 ; c a1,012=00 aObst & GynacaMedical Science a2150 c2149d2149 00104070aMCPbMCPd1900-01-01l0o618.05 STUpMCP-4577r2023-02-06 00:00:00t1w2023-02-06yBK